Act appropriately to mitigate liability (Record no. 80915)
[ view plain ]
| 000 -LEADER | |
|---|---|
| fixed length control field | 00780cab a22001935a 4500 |
| 001 - CONTROL NUMBER | |
| control field | L145644 |
| 008 - FIXED-LENGTH DATA ELEMENTS--GENERAL INFORMATION | |
| fixed length control field | 081028e20081025xxk f g 000 0 eng d |
| 035 ## - SYSTEM CONTROL NUMBER | |
| System control number | (Sirsi) u145644 |
| 041 0# - LANGUAGE CODE | |
| Language code of text/sound track or separate title | eng |
| 100 1# - MAIN ENTRY--PERSONAL NAME | |
| Personal name | Flannery, Glen |
| 245 00 - TITLE STATEMENT | |
| Title | Act appropriately to mitigate liability |
| 260 ## - PUBLICATION, DISTRIBUTION, ETC. | |
| Date of publication, distribution, etc. | 2008 |
| 490 ## - SERIES STATEMENT | |
| Series statement | Estates Gazette |
| Volume/sequential designation | (0842) 25 October 2008, 159(1) |
| 520 ## - SUMMARY, ETC. | |
| Summary, etc. | Article on insolvency provides advice for directors whose companies are in financial difficulty on how to avoid personal claims being made against them. The advice provided is very general and the author reminds directors to obtain specific professional advice before making any hasty decisions. |
| 590 ## - LOCAL NOTE (RLIN) | |
| Local note | KA |
| 651 #4 - SUBJECT ADDED ENTRY--GEOGRAPHIC NAME | |
| Geographic name | United Kingdom |
| Chronological subdivision | |
| 690 ## - LOCAL SUBJECT ADDED ENTRY--TOPICAL TERM (OCLC, RLIN) | |
| Topical term or geographic name as entry element | MANAGEMENT-CORPORATE RECOVERY |
| 942 ## - ADDED ENTRY ELEMENTS (KOHA) | |
| Suppress in OPAC | 0 |
| Withdrawn status | Lost status | Source of classification or shelving scheme | Damaged status | Not for loan | Home library | Current library | Shelving location | Date acquired | Total Checkouts | Full call number | Barcode | Date last seen | Copy number | Price effective from | Koha item type |
|---|---|---|---|---|---|---|---|---|---|---|---|---|---|---|---|
| Dewey Decimal Classification | London | London | Journal article | 28/10/2008 | L145644 | 145644-1001 | 06/08/2019 | 1 | 06/08/2019 | Journal article |